000 01012nam a2200253Ia 4500
001 22102
005 20260320113343.0
008 260320s9999||||xx |||||||||||||| ||und||
020 _a9786124736438
041 _aESP
082 _a345.73018541
_bA68H
100 _aArce Espinoza, Mario Rommel,
_eAUT
245 0 _aHistoria de la Corte Superior de Justicia de Arequipa :
_bdoscientos años de memoria e identidad (1825-2025)
246 _a
_5
_b
250 _aSegunda edición
260 _aArequipa :
_bCorte Superior de Justicia de Arequipa,
_c2025
300 _a361 páginas :
_bcuadros, fotos ;
_c25 cm.
_e
440 _a
_n
_v
650 _aCIS
653 _aDerecho; Derecho procesal civil; Corte Superior de Justicia, historia; Arequipa (Perú)
700 _a
_c
856 _uhttps://0u214rx7b-y-https-app-vlex-com.itmsp.museknowledge.com/search/jurisdiction:PE/Historia+de+la+Corte+superior+de+justicia+Arequipa+memoria+e+identidad
_zVéase además: Base de datos Vlex
942 _cLIB
_dJUS
_fMIP
_2ddc
_n
999 _c22102
_d22102